Histoire de mes vieux habits /
Uložené v:
| Hlavný autor: | |
|---|---|
| Médium: | Kniha |
| Jazyk: | French |
| Vydané: |
Paris :
Balland,
1979
|
| Vydanie: | 1e éd. |
| Témy: | |
| ISBN: |
2715802048 (brož.) |
| Fyzický popis: |
124 s. |
| Tagy: |
Pridať tag
Žiadne tagy, Buďte prvý kto otaguje tento záznam!
|
Titul je dostupný aj v ... 

MARC
| LEADER | 00000nam a2200000 a 4500 | ||
|---|---|---|---|
| 001 | 000019081 | ||
| 005 | 20060127080006.0 | ||
| 008 | 060127s1979 fr e 000 1 freo | ||
| 020 | |a 2715802048 (brož.) | ||
| 040 | |a SVKKK |b slo |c SVKKK |e AACR2 | ||
| 041 | 0 | |a fre | |
| 044 | |a fr |c FR | ||
| 072 | 7 | |a 821.133.1-3 |x Francúzska próza, francúzsky písaná |2 konspekt | |
| 080 | |a 821.133.1-3 |2 1997 | ||
| 080 | |a (0:82-3) |2 1997 | ||
| 100 | 1 | |a Borel, Jacques |4 aut | |
| 245 | 1 | 0 | |a Histoire de mes vieux habits / |c Jacques Borel |
| 250 | |a 1e éd. | ||
| 260 | |a Paris : |b Balland, |c 1979 | ||
| 300 | |a 124 s. | ||
| 655 | 7 | |a francúzske prózy |2 SVKKKPH | |
| 655 | 7 | |a umelecká literatúra |2 SVKKKPH | |
| 919 | |a 2-7158-0204-8 | ||
| 998 | |a BK | ||
| 090 | |g SCKHL |k Sklad Pribinova 2. posch. |a II.344655 |j 836716 |i B30936 |s Absenčne | ||